[Básne]

Bibliographic Details
Main Author: Bezúrová, Jitka, 1958- (Author)
Format: Article
Language:Slovak
PhysicalDescription:Fotogr.
ISSN:1335-3470
Subjects:

MARC

LEADER 00000nab a2200000 a 4500
001 vtls000679997
003 SK-MaSNL
005 20260304020838.0
008 240405c1998 xo 0 slo
015 |a SNBRB1998/12-32416 
035 |a CLN000032165 
040 |a SNKBUCL  |b slo  |c SNKBUCL  |e AACR2 
041 0 |a slo 
044 |a xo  |c SK 
080 |a 885.4-1  |2 1997 
100 1 |a Bezúrová, Jitka,  |d 1958-  |4 aut  |9 240717 
245 1 0 |a [Básne]  |c Jitka Bezúrová-Mošková 
300 |b Fotogr. 
505 1 |a Obsahuje básme: Tie tvoje oči ; Pokoj ; Modlitba ; Bezmenný ; Radosť ; Tajomstvo ; Úzkosť ; Kresba 
655 7 |a slovenská poézia  |2 snkbucl  |9 70444 
655 7 |a články z novín a časopisov  |2 snkbucl  |9 267496 
773 0 |t Kultúra  |g Roč. 1, č. 29-30 (1998), s. 12-13  |x 1335-3470 
850 |a Slovenská národná knižnica 
852 |a Slovenská národná knižnica 
958 |a SK 
958 |a LX 
992 |a RBX 
999 |c 2601513  |d 2603443